Kacey Musgraves Discography - Statistics

General Stats
  • This quiz has been taken 50 times
  • The average score is 44 of 75
Answer Stats
Hint Answer % Correct
Golden Hour Rainbow
100%
Golden Hour Golden Hour
97%
Golden Hour Slow Burn
90%
Golden Hour Space Cowboy
90%
Golden Hour Butterflies
87%
Golden Hour High Horse
87%
Golden Hour Mother
87%
star-crossed star-crossed
87%
Deeper Well Deeper Well
83%
Same Trailer Different Park Follow Your Arrow
83%
Golden Hour Velvet Elvis
83%
Pageant Material Pageant Material
80%
Pageant Material Late To The Party
77%
Golden Hour Lonely Weekend
77%
star-crossed camera roll
73%
Pageant Material Dime Store Cowgirl
73%
Golden Hour Happy & Sad
73%
Deeper Well The Architect
73%
Same Trailer Different Park Merry Go 'Round
70%
Golden Hour Oh, What A World
70%
star-crossed justified
67%
Golden Hour Love Is A Wild Thing
67%
Pageant Material Biscuits
63%
Deeper Well Cardinal
63%
Deeper Well Dinner with Friends
63%
star-crossed good wife
63%
star-crossed gracias a la vida
63%
Pageant Material High Time
63%
Deeper Well: Deeper into the Well Irish Goodbye
63%
Golden Hour Wonder Woman
63%
Deeper Well Anime Eyes
60%
Same Trailer Different Park It Is What It Is
60%
Deeper Well Jade Green
60%
star-crossed angel
57%
star-crossed cherry blossom
57%
Pageant Material Fine
57%
Deeper Well Sway
57%
Same Trailer Different Park Blowin' Smoke
53%
star-crossed breadwinner
53%
Deeper Well Giver / Taker
53%
star-crossed hookup scene
53%
Deeper Well: Deeper into the Well Little Sister
53%
Deeper Well Lonely Millionaire
53%
Pageant Material Miserable
53%
Pageant Material Are You Sure (Hidden Track) (feat. Willie Nelson)
50%
Deeper Well: Deeper into the Well Flower Child
50%
Pageant Material Good Ol' Boys Club
50%
Deeper Well Heart of the Woods
50%
Deeper Well Heaven Is
50%
Deeper Well Moving Out
50%
Same Trailer Different Park Silver Lining
50%
Deeper Well Too Good to be True
50%
Pageant Material Cup Of Tea
47%
Pageant Material Family is Family
47%
star-crossed if this was a movie..
47%
Same Trailer Different Park My House
47%
Same Trailer Different Park Stupid
47%
Deeper Well: Deeper into the Well Superbloom (feat. Leon Bridges)
47%
Pageant Material This Town
47%
Same Trailer Different Park Dandelion
43%
Pageant Material Die Fun
43%
Deeper Well: Deeper into the Well Arm's Length
40%
star-crossed easier said
40%
star-crossed keep lookin' up
40%
star-crossed simple times
40%
Same Trailer Different Park Step Off
40%
Same Trailer Different Park I Miss You
37%
Deeper Well: Deeper into the Well Perfection (feat. Tiny Habits)
37%
Pageant Material Somebody To Love
37%
star-crossed there is a light
37%
Same Trailer Different Park Keep It To Yourself
33%
Deeper Well: Deeper into the Well Ruthless
33%
star-crossed what doesn't kill me
33%
Same Trailer Different Park Back On The Map
30%
Deeper Well Nothing to be Scared Of
23%
No matching quizzes found
Score Distribution
Percent of People with Each Score
Percentile by Number Answered
Your Score History
You have not taken this quiz